The War Is Over lyrics by Phil Ochs - Statistics

General Stats
  • This quiz has been taken 3 times
  • The average score is 119 of 240
Answer Stats
% Correct
I
100%
Is
100%
Me
100%
On
100%
Over
100%
So
100%
The
100%
War
100%
What
100%
A
67%
And
67%
Be
67%
Believe
67%
Can
67%
Declare
67%
Do
67%
Free
67%
Freedom
67%
Got
67%
In
67%
It's
67%
Make
67%
Of
67%
Screen
67%
Silent
67%
Silver
67%
Soldiers
67%
Suicide
67%
That
67%
To
67%
What's
67%
With
67%
Actors
33%
Are
33%
Been
33%
Blame
33%
Boys
33%
But
33%
Country
33%
Deceived
33%
Die
33%
Director
33%
Dream
33%
Drugged
33%
Duty
33%
Fading
33%
Fantasies
33%
Fortune
33%
Game
33%
Grain
33%
Gypsy
33%
Her
33%
If
33%
Join
33%
Just
33%
Knows
33%
Land
33%
Leaders
33%
Mad
33%
Mystery
33%
Never
33%
Not
33%
One
33%
Only
33%
Other
33%
Parade
33%
Pardon
33%
Players
33%
Pride
33%
Proud
33%
Sand
33%
Serve
33%
Teller
33%
Their
33%
They
33%
This
33%
Told
33%
Too
33%
Unpaid
33%
Vision
33%
Where
33%
Will
33%
You
33%
Young
33%
Your
33%
Afraid
0%
Almost
0%
Angry
0%
Artists
0%
As
0%
Before
0%
Blind
0%
Courage
0%
Dawn
0%
Drizzling
0%
Drums
0%
End
0%
Even
0%
Find
0%
Flag
0%
Framed
0%
Gargoyles
0%
Gets
0%
Goodbye
0%
Greet
0%
Grieve
0%
Grisly
0%
Guilty
0%
I'm
0%
Lawn
0%
Legged
0%
Made
0%
Marches
0%
Might
0%
Mistakes
0%
Mow
0%
Painting
0%
Point
0%
Poisoned
0%
Prove
0%
Refrain
0%
Rhytms
0%
Signs
0%
Sit
0%
They're
0%
Treason
0%
Trust
0%
Try
0%
Use
0%
Veterans
0%
Wave
0%
We'd
0%
Whistling
0%
Worth
0%
No matching quizzes found
Score Distribution
Percent of People with Each Score
Percentile by Number Answered
Your Score History
You have not taken this quiz